<?xml version="1.0" encoding="UTF-8"?>
<marc:record xmlns:marc="http://www.loc.gov/MARC21/slim">
   <marc:leader>00000nam a2200000 a 4500</marc:leader>
   <marc:datafield ind1="1" ind2=" " tag="100">
      <marc:subfield code="a">ATAK</marc:subfield>
      <marc:subfield code="4">aut</marc:subfield>
      <marc:subfield code="e">Verfasser/-in</marc:subfield>
   </marc:datafield>
   <marc:datafield ind1=" " ind2=" " tag="653">
      <marc:subfield code="a">Barber</marc:subfield>
   </marc:datafield>
   <marc:datafield ind1=" " ind2=" " tag="653">
      <marc:subfield code="a">Atak</marc:subfield>
   </marc:datafield>
   <marc:datafield ind1=" " ind2=" " tag="653">
      <marc:subfield code="a">Softcover / Belletristik/Geschenkbücher</marc:subfield>
   </marc:datafield>
   <marc:datafield ind1=" " ind2=" " tag="653">
      <marc:subfield code="a">Geschenkbücher</marc:subfield>
   </marc:datafield>
   <marc:datafield ind1="0" ind2="0" tag="245">
      <marc:subfield code="a">Der Garten</marc:subfield>
   </marc:datafield>
   <marc:datafield ind1="0" ind2="0" tag="245">
      <marc:subfield code="c">Atak</marc:subfield>
   </marc:datafield>
   <marc:datafield ind1=" " ind2="1" tag="264">
      <marc:subfield code="a">München</marc:subfield>
      <marc:subfield code="b">Kunstmann</marc:subfield>
      <marc:subfield code="c">2013</marc:subfield>
   </marc:datafield>
   <marc:datafield ind1="1" ind2=" " tag="520">
      <marc:subfield code="a">Angaben aus der Verlagsmeldung

Der Garten / von ATAK

Wer Ataks Bilder kennt, der weiß: Der Garten – von ihm gemalt – ist längst fällig. Wer sie noch nicht kennt, wird nach diesem Buch einen Garten haben wollen und alle Bücher von Atak. Denn in ihnen, und in all seinen Bildern, ist der Garten bereits angelegt. Mit Blumen, Bäumen, Getier. Es gibt eine Schaukel, es gibt die Blüten, es gibt die Kirschen. Die Wäsche flattert im Wind, und wenn der Wind nach Hause fährt, kehrt etwas zurück. Ruhe, Stille. »Der Garten atmet die Zeit, und die Zeit atmet als Garten. Ich gehe am Abend in den Garten, um zu atmen. Ich berühre die neuen Blüten, als würde ich meinen Hund streicheln. Tätschle deinen Besitz, liebkose deine Freunde und beobachte die Veränderungen… Tätscheln, liebkosen, beobachten, das sind die Aufgaben eines Gartenfreundes.« Und dazu muss man gar keinen Garten haben, sondern nur dieses Buch: die reine Freude an der Natur. Ein Garten, an dem man sich nicht sattsehen kann.
</marc:subfield>
   </marc:datafield>
   <marc:datafield ind1=" " ind2=" " tag="020">
      <marc:subfield code="a">9783888978753</marc:subfield>
      <marc:subfield code="9">9783888978753</marc:subfield>
   </marc:datafield>
   <marc:datafield ind1=" " ind2=" " tag="020">
      <marc:subfield code="a">3888978750</marc:subfield>
      <marc:subfield code="9">3888978750</marc:subfield>
   </marc:datafield>
   <marc:datafield ind1=" " ind2=" " tag="041">
      <marc:subfield code="a">ger</marc:subfield>
   </marc:datafield>
   <marc:datafield ind1=" " ind2=" " tag="300">
      <marc:subfield code="a">31] S.</marc:subfield>
   </marc:datafield>
</marc:record>
